[Event "Prague-F"]
[Site "Prague"]
[Date "2019.03.15"]
[Round "8.3"]
[White "Ruzicka, Vaclav1111"]
[Black "Nigrin, Jiri"]
[Result "1-0"]
[WhiteElo "1683"]
[BlackElo "1611"]
[PlyCount "49"]
[EventDate "2019.03.09"]
[EventType "tourn"]
[EventRounds "9"]
[EventCountry "CZE"]
[SourceTitle "CBM 189 Extra"]
[Source "ChessBase"]
[SourceDate "2019.06.03"]
[SourceVersion "1"]
[SourceVersionDate "2019.06.03"]
[SourceQuality "1"]

1. Nf3 Nf6 2. d4 g6 3. c4 d6 4. g3 Bg7 5. Bg2 0-0 6. 0-0 Nbd7 7. Nc3 e6 8. e4 Rb8 9. Rb1 b6 10. Re1 Bb7 11. b4 c5 12. bxc5 dxc5 13. Bf4 Ra8 14. Bd6 cxd4 15. Bxf8 Qxf8 16. Nxd4 Rd8 17. Qc2 Qc5 18. Rbd1 Qxc4 19. Qb3 Qxb3 20. Nxb3 Rc8 21. Nb5 Rc2 22. Rd2 Rxd2 23. Nxd2 a5 24. e5 Bxg2 25. exf6 1-0

[Event "Prague-F"]
[Site "Prague"]
[Date "2019.03.09"]
[Round "1.4"]
[White "Klimes, Jan1111"]
[Black "Nigrin, Jiri"]
[Result "1/2-1/2"]
[WhiteElo "1533"]
[BlackElo "1611"]
[PlyCount "65"]
[EventDate "2019.03.09"]
[EventType "tourn"]
[EventRounds "9"]
[EventCountry "CZE"]
[SourceTitle "CBM 189 Extra"]
[Source "ChessBase"]
[SourceDate "2019.06.03"]
[SourceVersion "1"]
[SourceVersionDate "2019.06.03"]
[SourceQuality "1"]

1. e4 c5 2. Nf3 d6 3. d4 cxd4 4. Nxd4 Nf6 5. Nc3 a6 6. f3 g6 7. Be3 Bg7 8. Qd2 Bd7 9. 0-0-0 0-0 10. g4 Nc6 11. h4 b5 12. h5 b4 13. Nd5 Nxd5 14. exd5 Nxd4 15. Bxd4 Bxd4 16. Qxd4 a5 17. Bd3 g5 18. Qe3 h6 19. Rhe1 e5 20. dxe6 fxe6 21. Qe4 Qe7 22. Bc4 Rae8 23. Qg6+ Qg7 24. Qxg7+ Kxg7 25. Rxd6 Re7 26. Bd5 Rfe8 27. Be4 Rb8 28. Bc6 Bxc6 29. Rxc6 Kf6 30. Ra6 Rb5 31. Re3 Re8 32. c4 bxc3 33. Rxc3 1/2-1/2